Datum a čas kvízu
26
Celkem bodů
Celkový počet nahraných bodů na tomto kvízu bez doplňovacích otázek.
7.
Pořadí na kvízu
Konečné umístění týmu na tomto kvízu.
Zaznamenané odpovědi
| # | Otázka | Odpověď | Body | Výsledky |
|---|---|---|---|---|
| 1. | Jak se jmenuje český politik,... | Jiří Pospíšil | 1 | |
| 2. | V Dánsku se stala hitem satiri... | California | 1 | |
| 3. | Písničku, na jejíž název se pt... | Pár přátel | 1 | |
| 4. | V úterý byl představen Index p... | Turnov, Luhačovice | 0.5 | |
| 5. | V ligovém zápase mezi fotbalis... | výpadek světel | 1 | |
| 6. | Vítězné téma facebookového hla... | Crassus | 0 | |
| 7. | Který diktátor dopadl na konci... | Benito Mussolini | 0 | |
| 8. | Od smrti severokorejského dikt... | Václav Havel | 1 | |
| 9. | Který diktátor se nechal před... | Alexandr Lukašenko | 1 | |
| 10. | Mezi mnoho afrických diktátorů... | Uganda, Kampaly | 0 |